All Flying type Pokémon - Statistics

General Stats
  • This quiz has been taken 195 times
    130 since last reset
  • The average score is 92 of 117
Answer Stats
Type Generation Pokémon % Correct
Bug-Flying 1 Butterfree
100%
Normal-Flying 1 Pidgeot
100%
Normal-Flying 1 Pidgeotto
100%
Normal-Flying 1 Pidgey
100%
Normal-Flying 1 Fearow
98%
Normal-Flying 1 Spearow
98%
Ice-Flying 1 Articuno
96%
Fire-Flying 1 Charizard
96%
Psychic-Flying 8 Galarian Articuno
96%
Dark-Flying 8 Galarian Moltres
96%
Fighting-Flying 8 Galarian Zapdos
96%
Fire-Flying 1 Moltres
96%
Electric-Flying 1 Zapdos
96%
Poison-Flying 2 Crobat
94%
Dragon-Flying 1 Dragonite
94%
Poison-Flying 1 Golbat
94%
Steel-Flying 2 Skarmory
94%
Poison-Flying 1 Zubat
94%
Normal-Flying 1 Dodrio
92%
Normal-Flying 1 Doduo
92%
Grass-Flying 2 Hoppip
92%
Grass-Flying 2 Jumpluff
92%
Dark-Flying 2 Murkrow
92%
Grass-Flying 2 Skiploom
92%
Fire-Flying 2 Ho-oh
90%
Bug-Flying 2 Ledyba
90%
Psychic-Flying 2 Lugia
90%
Dragon-Flying 3 Salamence
90%
Water-Flying 3 Wingull
90%
Ground-Flying 2 Gligar
88%
Dark-Flying 4 Honchkrow
88%
Bug-Flying 2 Ledian
88%
Normal-Flying 2 Noctowl
88%
Water-Flying 3 Pelipper
88%
Bug-Flying 1 Scyther
88%
Normal-Flying 3 Swellow
88%
Rock-Flying 1 Aerodactyl
86%
Water-Flying 1 Gyarados
86%
Normal-Flying 2 Hoothoot
86%
Normal-Flying 4 Staraptor
86%
Normal-Flying 4 Staravia
86%
Normal-Flying 4 Starly
86%
Normal-Flying 3 Taillow
86%
Fairy-Flying 2 Togetic
86%
Ghost-Flying 4 Drifblim
84%
Normal-Flying 1 Farfetch'd
84%
Ground-Flying 4 Gliscor
84%
Psychic-Flying 2 Natu
84%
Normal-Flying 3 Swablu
84%
Fire-Flying 6 Talonflame
84%
Grass-Flying 3 Tropius
84%
Normal-Flying 5 Unfezant
84%
Psychic-Flying 2 Xatu
84%
Dragon-Flying 3 Altaria
82%
Ghost-Flying 4 Drifloon
82%
Normal-Flying 6 Fletchling
82%
Fighting-Flying 6 Hawlucha
82%
Fairy-Flying 4 Togekiss
82%
Normal-Flying 5 Tranquill
82%
Bug-Flying 3 Beautifly
80%
Ice-Flying 2 Delibird
80%
Electric-Flying 5 Emolga
80%
Fire-Flying 6 Fletchinder
80%
Normal-Flying 5 Pidove
80%
Bug-Flying 4 Mothim
78%
Dragon-Flying 3 Rayquaza
78%
Bug-Flying 2 Yanma
78%
Bug-Flying 3 Masquerain
76%
Rock-Flying 5 Archeops
74%
Normal-Flying 5 Braviary
74%
Psychic-Flying 8 Hisuian Braviary
74%
Dark-Flying 5 Mandibuzz
74%
Water-Flying 2 Mantine
74%
Flying-Dragon 6 Noibat
74%
Flying-Dragon 6 Noivern
74%
Normal-Flying 5 Rufflet
74%
Normal-Flying 7 Toucannon
74%
Bug-Flying 4 Yanmega
74%
Bug-Flying 4 Combee
72%
Normal-Flying 7 Pikipek
72%
Grass-Flying 7 Rowlet
72%
Psychic-Flying 5 Sigilyph
72%
5 Tornadus
72%
Bug-Flying 4 Vespiquen
72%
Dark-Flying 6 Yveltal
72%
Rock-Flying 5 Archen
70%
Ground-Flying 5 Landorus
70%
Water-Flying 4 Mantyke
70%
Electric-Flying 4 Rotom Fan
70%
Psychic-Flying 5 Swoobat
70%
Electric-Flying 5 Thundurus
70%
Dark-Flying 5 Vullaby
70%
Psychic-Flying 5 Woobat
70%
Water-Flying 5 Ducklett
68%
Bug-Flying 3 Ninjask
68%
Water-Flying 5 Swanna
68%
Flying-Steel 8 Corviknight
66%
8 Rookidee
66%
Normal-Flying 7 Trumbeak
66%
Bug-Flying 6 Vivillon
66%
8 Corvisquire
64%
Grass-Flying 7 Dartrix
64%
Normal-Flying 4 Chatot
60%
Electric-Flying 9 Kilowattrel
60%
Fire-Flying 7 Oricorio (Baile-style)
60%
Psychic-Flying 7 Oricorio (Pa'u-style)
60%
Electric-Flying 7 Oricorio (Pom-Pom-style)
60%
Ghost-Flying 7 Oricorio (Sensu-style)
60%
Grass-Flying 4 Shaymin
60%
Electric-Flying 9 Wattrel
60%
Rock-Flying 7 Minior
50%
Steel-Flying 7 Celesteela
48%
Flying-Dark 9 Bombirdier
46%
Flying-Water 8 Cramorant
46%
Flying-Fighting 9 Flamigo
46%
Normal-Flying 9 Squawkabilly
42%
Dark-Flying 9 Iron Jugulis
38%
No matching quizzes found
Score Distribution
Percent of People with Each Score
Percentile by Number Answered
Your Score History
You have not taken this quiz since the last reset